00507nam a2200193Ia 4500003000400000005001700004008004100021040000700062041000800069082001900077100003700096245004300133260005400176300001000230365001300240440000900253650002900262650002200291OSt20230522154936.0210423s2002 xx 000 0 und d cAL aeng a323 223bIIHR aINDIAN INSTITUTE OF HUMAN RIGHTS aHuman rights activism and role of NGOs aNew DelhibIndian Institute of Human Rightsc2002 a1,122 b250cINR v4B.1 aCivil & Political Rights aPolitical Science